| 000 | 00848nam a2200301 i 4500 | ||
|---|---|---|---|
| 001 | 67267 | ||
| 003 | ES-MaACL | ||
| 005 | 20230906170025.0 | ||
| 007 | t| | ||
| 008 | 030901s2003 sp ||||0| spa d | ||
| 020 | _a84-301-1487-4 | ||
| 040 |
_aM-BN _bspa _cM-BN |
||
| 080 | _a13 | ||
| 080 | _a161.1 | ||
| 100 | 1 |
_aMcDowell, John Henry. _979555 |
|
| 245 | 1 | 0 |
_aMente y mundo / _cJohn McDowell ; [traducción, Miguel Angel Quintana Paz]. |
| 260 |
_aSalamanca : _bSígueme, _c2003. |
||
| 300 |
_a292 p. ; _c21 cm. |
||
| 490 | 1 |
_aHermeneia ; _v55 |
|
| 500 | _aIndices. | ||
| 650 |
_aFilosofía de la mente. _912837 |
||
| 650 | 1 | 4 |
_aConceptos. _911240 |
| 700 | 1 |
_aQuintana Paz, Miguel Angel. _994693 |
|
| 830 | 0 |
_aHermeneia ; _v55 _9180905 |
|
| 852 |
_aES-MaACL _jL-27555 _bR.133300 |
||
| 999 |
_c67267 _d67267 |
||